Správa obchodných spoločností - niektoré poznatky z praxe na Slovensku

Podstata a obsah správy obchodných spoločností. Modely správy obchodných spoločností vo vyspelých trhových ekonomikách. Analýza správy vybraných spoločností na Slovensku.

Guardado en:
Detalles Bibliográficos
Autor principal: Kráľovič, Jozef
Formato: Capítulo de libro
Lenguaje:eslovaco
Materias:
Etiquetas: Agregar Etiqueta
Sin Etiquetas, Sea el primero en etiquetar este registro!

MARC

LEADER 00000nla$a2200000$$$4500
001 0091270
005 20240502083232.2
041 0 |a slo 
044 |a CZ 
245 1 0 |a Správa obchodných spoločností - niektoré poznatky z praxe na Slovensku  |c Jozef Kráľovič 
520 |a Podstata a obsah správy obchodných spoločností. Modely správy obchodných spoločností vo vyspelých trhových ekonomikách. Analýza správy vybraných spoločností na Slovensku. 
610 2 0 |a spoločnosti obchodné 
610 2 0 |a Slovensko 
610 2 0 |a investície 
610 2 0 |a firmy 
610 2 0 |a modely 
100 1 |a Kráľovič, Jozef